| 000 | 00626nam a22002057a 4500 | ||
|---|---|---|---|
| 005 | 20251108171903.0 | ||
| 008 | 250721s9999 xx 000 0 ara d | ||
| 082 | 1 | 4 | _aط/210.92/كما |
| 100 | 1 |
_aكمال، محمد _eمؤلف |
|
| 245 | 1 | 0 | _aخالد بن الوليد / |
| 264 | 1 |
_aدمشق : _bدار ربيع، _c[19-]. |
|
| 300 | _a16ص | ||
| 490 | 0 | _a( شمس الهدى والأيمان ؛ 6 ) | |
| 650 | 1 | 7 | _aالسيرة النبويه |
| 650 | 1 | 7 | _aالصحابة |
| 650 | 1 | 7 | _aالصحابة والتابعين |
| 700 | 1 |
_aحاضري، بدر الدين _eمؤلف |
|
| 942 |
_2ddc _cBK |
||
| 999 |
_c65187 _d65187 |
||